| 000 | 00990nam a22002538a 4500 | ||
|---|---|---|---|
| 005 | 20090520112827.0 | ||
| 008 | 081125s2009 cau 001 0 eng | ||
| 010 | _aENG-93618 | ||
| 020 |
_a9788184500806 _c1150.00 |
||
| 035 | _aEN-77151 | ||
| 037 | _bDBAD / PUB | ||
| 040 |
_adpl _bEnglish |
||
| 082 | _a303.482 | ||
| 245 |
_aGlobalization, governance, and technology: _cedited by Dhirendra K. Vajpeyi (and) Renu Khator _bchallenges and alternatives / |
||
| 260 |
_aNew Delhi _bDeep & Deep Publications _c2008 |
||
| 270 |
_aF-159, Rajouri Garden, _bNew Delhi _e110027 |
||
| 300 |
_axv, 272p. _c25cm(Hb) |
||
| 500 | _aIncludes references and index | ||
| 650 | _aGlobalisation | ||
| 700 | _aVajpeyi, Dhirendra K. | ||
| 700 | _aKhator, Renu | ||
| 942 |
_2ddc _cEN _mGLO _h303.482 |
||
| 999 |
_c26606 _d26606 |
||